European Football teams with the highest average attendance - Statistics

General Stats
  • This quiz has been taken 61 times
  • The average score is 14 of 20
Answer Stats
Attendance Team % Correct
74.498 Manchester United
100%
75.600 FC Barcelona
98%
60.564 Real Madrid
98%
59.899 Arsenal
94%
80.841 Borussia Dortmund
90%
52.983 Liverpool
86%
54.216 Tottenham Hotspur
86%
54.130 Manchester City
80%
58.789 Inter
74%
54.667 Milan
64%
75.000 Bayern München
62%
60.941 Schalke 04
62%
52.987 Ajax
60%
51.121 Newcastle
52%
56.074 Atletico de Madrid
50%
57.778 Celtic
50%
53.824 Benfica
48%
54.551 Stuttgart
34%
50.361 Marseille
32%
58.336 West Ham
30%
No matching quizzes found
Score Distribution
Percent of People with Each Score
Percentile by Number Answered
Your Score History
You have not taken this quiz